Statistiques concernant Pays les plus proches du Kosovo - une minute sprint

Cliquez ici pour prendre le quiz!

Statistiques générales

  • Ce quiz a été pris 112 fois
  • Le résultat moyen est 14 sur 20

Statistiques - réponses

kmpays% Correct
0Albanie
96%
0Monténégro
96%
0Macédoine du Nord
94%
0Serbie
93%
114Grèce
91%
128Croatie
88%
96Bosnie-Herzégovine
83%
478Slovénie
81%
54Bulgarie
78%
156Roumanie
76%
253Italie
70%
318Hongrie
69%
527Slovaquie
64%
389Turquie
64%
601Moldavie
61%
525Autriche
55%
547Ukraine
54%
658Pologne
40%
622Saint-Marin
39%
628Vatican
36%

Distribution des résultats

Percentile par nombre de réponses

% des personnes avec chaque résultat

Votre développement - résultats

Vous n’avez pas pris ce quiz